000 00473nam a22001817a 4500
999 _c7750
_d7750
003 GBCCL
005 20241126110636.0
008 180918b ||||| |||| 00| 0 eng d
040 _cgbc
082 _a266
_bWEI
100 _aWeiss, D Christian
_913543
245 _aGod's plan man's need our mission
260 _aLincoln :
_bBack to the Bibe broadcast,
_c1971.
300 _a172p. ;
650 _aEvangelistic work
_9290
650 _aMissions
_9885
942 _2ddc
_cBK
_01